[Event "Noale Szabados Memorial-B 5th"]
[Site "Noale"]
[Date "2012.02.05"]
[Round "4"]
[White "Lucich, Gianni"]
[Black "Artuso, Sofia"]
[Result "1/2-1/2"]
[WhiteElo "1592"]
[BlackElo "1464"]
[PlyCount "98"]
[EventDate "2012.02.03"]
[EventType "swiss"]
[EventRounds "5"]
[EventCountry "ITA"]
[SourceTitle "EXT 2022"]
[Source "ChessBase"]
[SourceDate "2021.10.06"]
[SourceVersion "1"]
[SourceVersionDate "2021.10.06"]
[SourceQuality "1"]

1. d4 d5 2. c4 e6 3. Nc3 Nf6 4. Bg5 Be7 5. Nf3 0-0 6. e3 c6 7. Bd3 Nbd7 8. 0-0 Re8 9. Rc1 Qc7 10. Qc2 b6 11. Rfe1 g6 12. a3 Bb7 13. b4 Rac8 14. c5 Bf8 15. Bh4 Qd8 16. b5 bxc5 17. bxc6 Rxc6 18. Bb5 Rc7 19. Bxd7 Rxd7 20. Ne5 Rc7 21. Nb5 Rc8 22. Nxa7 Rc7 23. Nb5 Rc8 24. Qd2 Ne4 25. Bxd8 Nxd2 26. Ba5 Nb3 27. Bb6 Nxc1 28. Rxc1 cxd4 29. Rd1 dxe3 30. Bxe3 Ba6 31. Nd4 Bxa3 32. Ra1 Bb2 33. Rb1 Bxd4 34. Bxd4 Ra8 35. h3 f6 36. Ng4 f5 37. Nf6+ Kf7 38. Nxe8 Rxe8 39. Rb6 Bc4 40. f4 Re7 41. Kf2 h6 42. Kf3 g5 43. Be5 Bd3 44. Rb8 Be4+ 45. Kg3 Re8 46. Rb7+ Re7 47. Rb8 Re8 48. Rb7+ Re7 49. Rb8 Re8 1/2-1/2

[Event "Noale Szabados Memorial-B 5th"]
[Site "Noale"]
[Date "2012.02.04"]
[Round "2"]
[White "Lucich, Gianni"]
[Black "Zamengo, Bruno"]
[Result "1/2-1/2"]
[WhiteElo "1592"]
[BlackElo "1975"]
[PlyCount "81"]
[EventDate "2012.02.03"]
[EventType "swiss"]
[EventRounds "5"]
[EventCountry "ITA"]
[SourceTitle "EXT 2022"]
[Source "ChessBase"]
[SourceDate "2021.10.06"]
[SourceVersion "1"]
[SourceVersionDate "2021.10.06"]
[SourceQuality "1"]

1. d4 Nf6 2. c4 c5 3. d5 b5 4. cxb5 a6 5. b6 d6 6. Nc3 Nbd7 7. Nf3 g6 8. e4 Bg7 9. Bd3 0-0 10. 0-0 Nxb6 11. Re1 Nfd7 12. Bf4 Bb7 13. Qd2 Re8 14. Rab1 c4 15. Bc2 Nc5 16. b4 cxb3 17. Bxb3 a5 18. Bh6 Bh8 19. Be3 Bxc3 20. Qxc3 Nxe4 21. Qd4 Nc5 22. Bh6 f6 23. Ng5 Bc8 24. Ne6 Bxe6 25. dxe6 Nxb3 26. Rxb3 Nc8 27. Reb1 a4 28. Rb7 Qa5 29. R7b5 Qa7 30. Qd5 a3 31. Be3 Qa6 32. Bd2 Na7 33. Rb6 Qa4 34. h3 Rac8 35. Be3 Nc6 36. Rb7 Ne5 37. Ra7 Qc4 38. Qxc4 Nxc4 39. Bh6 Ra8 40. Rc7 Rac8 41. Ra7 1/2-1/2

[Event "Noale Szabados Memorial-B 5th"]
[Site "Noale"]
[Date "2012.02.04"]
[Round "3"]
[White "Scardino, Paolo"]
[Black "Lucich, Gianni"]
[Result "1-0"]
[WhiteElo "1935"]
[BlackElo "1592"]
[PlyCount "75"]
[EventDate "2012.02.03"]
[EventType "swiss"]
[EventRounds "5"]
[EventCountry "ITA"]
[SourceTitle "EXT 2022"]
[Source "ChessBase"]
[SourceDate "2021.10.06"]
[SourceVersion "1"]
[SourceVersionDate "2021.10.06"]
[SourceQuality "1"]

1. c4 e6 2. g3 d5 3. Bg2 Nf6 4. Nf3 c5 5. 0-0 Nc6 6. d3 Be7 7. Na3 0-0 8. Nc2 d4 9. Rb1 Rb8 10. Bf4 Bd6 11. Bd2 Qe7 12. b4 cxb4 13. Nfxd4 Nxd4 14. Nxd4 Bd7 15. Qb3 a5 16. Nb5 Bxb5 17. cxb5 Rfc8 18. Rfc1 Qd7 19. Qa4 Rxc1+ 20. Rxc1 b6 21. Bc6 Qe7 22. Qb3 h6 23. d4 e5 24. dxe5 Bxe5 25. Be3 Ng4 26. Bf3 Nxe3 27. Qxe3 Qd6 28. Rc4 Qd1+ 29. Kg2 Bf6 30. Qf4 Qd8 31. Qf5 g6 32. Qf4 Kg7 33. Rc6 Bc3 34. Rc7 Bf6 35. Qc4 Qe8 36. Bd5 Kh8 37. Bxf7 Qd8 38. Bxg6 1-0

[Event "Mogliano Veneto op-B 31st"]
[Site "Mogliano Veneto"]
[Date "2010.05.02"]
[Round "5"]
[White "Lucich, Gianni"]
[Black "Fracasso Pezzolato, Michele"]
[Result "1/2-1/2"]
[WhiteElo "1496"]
[BlackElo "1779"]
[PlyCount "44"]
[EventDate "2010.04.30"]
[EventType "swiss"]
[EventRounds "5"]
[EventCountry "ITA"]
[SourceTitle "EXT 2023"]
[Source "ChessBase"]
[SourceDate "2022.10.05"]
[SourceVersion "1"]
[SourceVersionDate "2022.10.05"]
[SourceQuality "1"]

1. d4 Nf6 2. c4 g6 3. Nc3 Bg7 4. e4 d6 5. Nf3 0-0 6. Be2 c6 7. 0-0 e5 8. Be3 Ne8 9. Qd2 Nd7 10. Bh6 Qe7 11. b4 f5 12. Bxg7 Nxg7 13. d5 c5 14. b5 b6 15. Qh6 f4 16. Ng5 Nf6 17. Rad1 Ngh5 18. h3 Kh8 19. Bxh5 Nxh5 20. Rd3 Qg7 21. Qxg7+ Kxg7 22. Rfd1 Rf6 1/2-1/2

[Event "Mogliano Veneto op-B 31st"]
[Site "Mogliano Veneto"]
[Date "2010.04.30"]
[Round "1"]
[White "Ballarin, Gabriele"]
[Black "Lucich, Gianni"]
[Result "1-0"]
[WhiteElo "1794"]
[BlackElo "1496"]
[PlyCount "69"]
[EventDate "2010.04.30"]
[EventType "swiss"]
[EventRounds "5"]
[EventCountry "ITA"]
[SourceTitle "EXT 2023"]
[Source "ChessBase"]
[SourceDate "2022.10.05"]
[SourceVersion "1"]
[SourceVersionDate "2022.10.05"]
[SourceQuality "1"]

1. e4 d6 2. d4 Nf6 3. Nc3 g6 4. Be3 Bg7 5. f3 Nbd7 6. Qd2 h6 7. Nge2 c6 8. g4 g5 9. h4 gxh4 10. Rxh4 Ng8 11. Ng3 e6 12. Rh3 Qa5 13. Rh5 Qc7 14. 0-0-0 e5 15. Nf5 Bf8 16. dxe5 Nxe5 17. Nxd6+ Bxd6 18. Qxd6 Qxd6 19. Rxd6 Nxf3 20. Bh3 Ke7 21. Bc5 Ke8 22. Ne2 Ng5 23. Bd4 Rh7 24. Ng3 Nxh3 25. Rxh3 Bxg4 26. Rh4 Be6 27. Nf5 Bxf5 28. exf5 h5 29. Bc5 b6 30. Re4+ Ne7 31. Ba3 Kf8 32. Rd7 f6 33. Bxe7+ Ke8 34. Rb7 Rf7 35. Bd6+ 1-0

[Event "Noale Szabados Memorial-B 3rd"]
[Site "Noale"]
[Date "2010.02.07"]
[Round "4"]
[White "Lucich, Gianni"]
[Black "Franco, Alessandro P"]
[Result "1/2-1/2"]
[WhiteElo "1469"]
[BlackElo "1843"]
[PlyCount "24"]
[EventDate "2010.02.05"]
[EventType "swiss"]
[EventRounds "5"]
[EventCountry "ITA"]
[SourceTitle "EXT 2022"]
[Source "ChessBase"]
[SourceDate "2021.10.06"]
[SourceVersion "1"]
[SourceVersionDate "2021.10.06"]
[SourceQuality "1"]

1. d4 Nf6 2. c4 e6 3. Nc3 Bb4 4. Qc2 c5 5. Nf3 Nc6 6. a3 Qa5 7. dxc5 Bxc5 8. e3 a6 9. Be2 d5 10. 0-0 dxc4 11. Bxc4 b5 12. Ba2 Qc7 1/2-1/2

[Event "Campodarsego op-B 17th"]
[Site "Campodarsego"]
[Date "2006.01.22"]
[Round "5"]
[White "Lucich, Gianni"]
[Black "Vedovato, Rudi"]
[Result "1-0"]
[WhiteElo "1550"]
[BlackElo "1706"]
[PlyCount "85"]
[EventDate "2006.01.20"]
[EventType "swiss"]
[EventRounds "5"]
[EventCountry "ITA"]
[SourceTitle "EXT 2011"]
[Source "ChessBase"]
[SourceDate "2010.11.26"]
[SourceVersion "1"]
[SourceVersionDate "2010.11.26"]
[SourceQuality "1"]

1. d4 d5 2. c4 Nf6 3. Nc3 e6 4. Nf3 Nbd7 5. Bg5 Be7 6. e3 0-0 7. Bd3 dxc4 8. Bxc4 b6 9. 0-0 Bb7 10. Rc1 h6 11. Bh4 Ne4 12. Bxe7 Qxe7 13. a3 Rac8 14. Nxe4 Bxe4 15. Ba6 Nf6 16. Bxc8 Rxc8 17. Ne5 Nd5 18. Qg4 Nf6 19. Qe2 Bb7 20. Nc6 Qd7 21. Qc4 Ne4 22. Rfd1 Nd6 23. Qc2 a5 24. f3 g5 25. d5 exd5 26. Rxd5 Qe6 27. Re5 Qf6 28. Ne7+ Kg7 29. Nxc8 Qxe5 30. Nxd6 Qxe3+ 31. Kh1 cxd6 32. Qc3+ Qe5 33. Re1 Qxc3 34. bxc3 d5 35. Rb1 Ba6 36. Rxb6 Bc4 37. Kg1 f6 38. Kf2 Kg6 39. g4 a4 40. Ke3 Bb3 41. f4 gxf4+ 42. Kxf4 Bc4 43. h4 1-0